000
00221nam a2200097Ia 4500
005
20251222114356.0
008
251222s1900||||xx |||||||||||||| ||spa||
082
_a
DVD0092/M43
245
0
_a
Il volto del risorto.
942
_c
DVD
999
_c
1443
_d
1443